Proceedings of effects of low-power light on biological systems : 8 September 1997, San Remo, Italy /

Bibliographic Details
Corporate Author: Società italiana di laser chirurgia e medicina
Other Authors: Bottiroli, Giovanni F., Karu, T. I. (Tiina I.), Lubart, Rachel
Format: Book
Language:English
Published: Bellingham, Wash., USA : SPIE, [1997]
Series:Progress in biomedical optics (Unnumbered)
Europto series.
Proceedings of SPIE--the International Society for Optical Engineering ; v. 3198.
Subjects:

MARC

Tag First Indicator Second Indicator Subfields
LEADER 00000cam a2200000 a 4500
001 in00001403220
005 20151020054223.0
008 980121s1997 wau 101 0 eng d
020 |a 081942630X 
035 |a (OCoLC)38234840 
035 |9 AHN0768AM 
040 |a CUS  |c CUS  |d TXA  |d UtOrBLW 
049 |a TXAM 
090 |a R857.L37  |b P672 1997 
245 0 0 |a Proceedings of effects of low-power light on biological systems :  |b 8 September 1997, San Remo, Italy /  |c Giovanni F. Bottiroli, Tina I. Karu, Rachel Lubart, chairs/editors ; sponsored by SILCM--Società Italiana di Laser Chirurgia e Medicina [and others]. 
246 3 0 |a Effects of low-power light on biological systems 
246 3 |a Effects of low power light on biological systems 
264 1 |a Bellingham, Wash., USA :  |b SPIE,  |c [1997] 
264 4 |c ©1997 
300 |a iv, 128 pages :  |b illustrations ;  |c 28 cm. 
336 |a text  |b txt  |2 rdacontent 
337 |a unmediated  |b n  |2 rdamedia 
338 |a volume  |b nc  |2 rdacarrier 
490 1 |a Progress in biomedical optics (Unnumbered) 
490 1 |a Europto series 
490 1 |a Proceedings / SPIE--the international society for optical engineering ;  |v v. 3198 
504 |a Includes bibliographical references and index. 
650 0 |a Lasers  |x Therapeutic use  |v Congresses. 
650 0 |a Lasers  |x Physiological effect  |x Congresses. 
650 0 |a Lasers in biology  |v Congresses. 
650 0 |a Infrared radiation in medicine  |x Congresses. 
700 1 |a Bottiroli, Giovanni F. 
700 1 |a Karu, T. I.  |q (Tiina I.) 
700 1 |a Lubart, Rachel. 
710 2 |a Società italiana di laser chirurgia e medicina. 
830 0 |a Progress in biomedical optics (Unnumbered) 
830 0 |a Europto series. 
830 0 |a Proceedings of SPIE--the International Society for Optical Engineering ;  |v v. 3198. 
999 |a MARS 
999 f f |s 8f9d008e-abf9-3858-92aa-dd6a46774b72  |i 1eeb272e-682f-305e-a68f-fea89c0b0a86  |t 0 
952 f f |p ric  |a Texas A&M University  |b Rellis Campus  |c Joint Library Facility  |d Remote Storage  |t 0  |e R857.L37 P672 1997  |h Library of Congress classification  |i unmediated -- volume  |m A14822132804 
998 f f |a R857.L37 P672 1997  |t 0  |l Remote Storage